000 00480nam a2200181Ia 4500
008 240925s9999 xx 000 0 und d
020 _a9788120724129
082 _a338.4791 BHA
100 _aBhatia, A. K.
245 0 _aInternational Tourism Management
250 _aNA
260 _aNew Delhi:
_bSterling Publishers Pvt. Ltd.
_c,2014.
300 _a369p.
_b0
_fOriginal
500 _aIncludes Index
600 _aSocial Sciences
650 _aSocial Sciences
942 _cBK
999 _c15111
_d15111